Neocolonialism and built heritage : (Record no. 6678)

MARC details
000 -LEADER
fixed length control field 01748cam a22003858i 4500
001 - CONTROL NUMBER
control field 20855668
003 - CONTROL NUMBER IDENTIFIER
control field OSt
005 - DATE AND TIME OF LATEST TRANSACTION
control field 20240404112101.0
008 - FIXED-LENGTH DATA ELEMENTS--GENERAL INFORMATION
fixed length control field 190215s2019 nyu b 001 0 eng
010 ## - LIBRARY OF CONGRESS CONTROL NUMBER
LC control number 2019007868
020 ## - INTERNATIONAL STANDARD BOOK NUMBER
International Standard Book Number 9781138368378 (hb : alk. paper)
020 ## - INTERNATIONAL STANDARD BOOK NUMBER
International Standard Book Number 9781138368385 (pb : alk. paper)
020 ## - INTERNATIONAL STANDARD BOOK NUMBER
Canceled/invalid ISBN 9780429429286 (ebook)
020 ## - INTERNATIONAL STANDARD BOOK NUMBER
Canceled/invalid ISBN 9780429769511
Qualifying information ebook
040 ## - CATALOGING SOURCE
Original cataloging agency DLC
Language of cataloging eng
Description conventions rda
Transcribing agency DLC
042 ## - AUTHENTICATION CODE
Authentication code pcc
050 00 - LIBRARY OF CONGRESS CALL NUMBER
Classification number NA2543.I47
Item number N46 2019
082 00 - DEWEY DECIMAL CLASSIFICATION NUMBER
Classification number 720.103 N46 2019
Edition number 23
245 00 - TITLE STATEMENT
Title Neocolonialism and built heritage :
Remainder of title echoes of empire in Africa, Asia, and Europe /
Statement of responsibility, etc. edited by Daniel E. Coslett.
263 ## - PROJECTED PUBLICATION DATE
Projected publication date 1909
264 #1 - PRODUCTION, PUBLICATION, DISTRIBUTION, MANUFACTURE, AND COPYRIGHT NOTICE
Place of production, publication, distribution, manufacture New York :
Name of producer, publisher, distributor, manufacturer Routledge,
Date of production, publication, distribution, manufacture, or copyright notice 2019.
300 ## - PHYSICAL DESCRIPTION
Extent 274 pages 24 cm
336 ## - CONTENT TYPE
Content type term text
Content type code txt
Source rdacontent
337 ## - MEDIA TYPE
Media type term unmediated
Media type code n
Source rdamedia
338 ## - CARRIER TYPE
Carrier type term volume
Carrier type code nc
Source rdacarrier
504 ## - BIBLIOGRAPHY, ETC. NOTE
Bibliography, etc. note Includes bibliographical references and index.
505 2# - FORMATTED CONTENTS NOTE
Formatted contents note Old colonial sites and new uses in contemporary Paris / Robert Aldrich -- All empire is a stage : Italian colonial exhibitions in continuum / Stephanie Malia Hom -- Spatial governmentality and everyday hospital life in colonial and postcolonial DR Congo / Simon De Nys-Ketels, Johan Lagae, Kristien Geenen, Luce Beeckmans, and Trésor Lumfuankenda Bungiena -- The Riad's resurgence : questioning the historical legacy and neocolonial currency of the Moroccan courtyard house / Nancy Demerdash-Fatemi.
650 #0 - SUBJECT ADDED ENTRY--TOPICAL TERM
Topical term or geographic name entry element Imperialism and architecture.
650 #0 - SUBJECT ADDED ENTRY--TOPICAL TERM
Topical term or geographic name entry element Architecture and history.
650 #0 - SUBJECT ADDED ENTRY--TOPICAL TERM
Topical term or geographic name entry element Architecture and society.
700 1# - ADDED ENTRY--PERSONAL NAME
Personal name Coslett, Daniel E.,
Relator term editor.
906 ## - LOCAL DATA ELEMENT F, LDF (RLIN)
a 7
b cbc
c orignew
d 1
e ecip
f 20
g y-gencatlg
942 ## - ADDED ENTRY ELEMENTS (KOHA)
Source of classification or shelving scheme Dewey Decimal Classification
Koha item type English Book
Suppress in OPAC No
Holdings
Withdrawn status Lost status Source of classification or shelving scheme Damaged status Not for loan Home library Current library Date acquired Total Checkouts Full call number Barcode Date last seen Price effective from Koha item type
    Dewey Decimal Classification     CENTRAL TUWAIQ 04/04/2024   720.103 N46 2019 1000000025045 04/04/2024 04/04/2024 English Book